<?xml version="1.0" encoding="UTF-8"?>
<record
    xmlns:xsi="http://www.w3.org/2001/XMLSchema-instance"
    xsi:schemaLocation="http://www.loc.gov/MARC21/slim http://www.loc.gov/standards/marcxml/schema/MARC21slim.xsd"
    xmlns="http://www.loc.gov/MARC21/slim">

  <leader>02065nam0a22003851  4500</leader>
  <controlfield tag="001">rc\4221079</controlfield>
  <controlfield tag="005">20250612021128.0</controlfield>
  <datafield tag="021" ind1=" " ind2=" ">
    <subfield code="a">RU</subfield>
    <subfield code="b">[62-60439]</subfield>
  </datafield>
  <datafield tag="035" ind1=" " ind2=" ">
    <subfield code="a">(NLR Aleph) 008458776</subfield>
  </datafield>
  <datafield tag="090" ind1=" " ind2=" ">
    <subfield code="a">7855807</subfield>
    <subfield code="c">7855807</subfield>
  </datafield>
  <datafield tag="100" ind1=" " ind2=" ">
    <subfield code="a">20130416d1962    |||y0rusy50      ca</subfield>
  </datafield>
  <datafield tag="101" ind1="1" ind2=" ">
    <subfield code="a">rus</subfield>
    <subfield code="c">eng</subfield>
  </datafield>
  <datafield tag="102" ind1=" " ind2=" ">
    <subfield code="a">RU</subfield>
  </datafield>
  <datafield tag="105" ind1=" " ind2=" ">
    <subfield code="a">y   z   |||||</subfield>
  </datafield>
  <datafield tag="200" ind1="1" ind2=" ">
    <subfield code="a">&#x41E;&#x446;&#x435;&#x43D;&#x43A;&#x438; &#x432;&#x431;&#x43B;&#x438;&#x437;&#x438; &#x433;&#x440;&#x430;&#x43D;&#x438;&#x446;&#x44B; &#x440;&#x435;&#x448;&#x435;&#x43D;&#x438;&#x439; &#x44D;&#x43B;&#x43B;&#x438;&#x43F;&#x442;&#x438;&#x447;&#x435;&#x441;&#x43A;&#x438;&#x445; &#x443;&#x440;&#x430;&#x432;&#x43D;&#x435;&#x43D;&#x438;&#x439; &#x432; &#x447;&#x430;&#x441;&#x442;&#x43D;&#x44B;&#x445; &#x43F;&#x440;&#x43E;&#x438;&#x437;&#x432;&#x43E;&#x434;&#x43D;&#x44B;&#x445; &#x43F;&#x440;&#x438; &#x43E;&#x431;&#x449;&#x438;&#x445; &#x433;&#x440;&#x430;&#x43D;&#x438;&#x447;&#x43D;&#x44B;&#x445; &#x443;&#x441;&#x43B;&#x43E;&#x432;&#x438;&#x44F;&#x445;</subfield>
    <subfield code="e">1</subfield>
    <subfield code="f">&#x41F;&#x435;&#x440;. &#x441; &#x430;&#x43D;&#x433;&#x43B;. &#x41B;.&#x420;. &#x412;&#x43E;&#x43B;&#x435;&#x432;&#x438;&#x447;&#x430;</subfield>
    <subfield code="g">&#x41F;&#x43E;&#x434; &#x440;&#x435;&#x434;. &#x41C;.&#x418;. &#x412;&#x438;&#x448;&#x438;&#x43A;&#x430;</subfield>
  </datafield>
  <datafield tag="210" ind1=" " ind2=" ">
    <subfield code="a">&#x41C;&#x43E;&#x441;&#x43A;&#x432;&#x430;</subfield>
    <subfield code="c">&#x418;&#x437;&#x434;-&#x432;&#x43E; &#x438;&#x43D;&#x43E;&#x441;&#x442;&#x440;. &#x43B;&#x438;&#x442;.</subfield>
    <subfield code="d">1962</subfield>
  </datafield>
  <datafield tag="215" ind1=" " ind2=" ">
    <subfield code="a">205 &#x441;.</subfield>
    <subfield code="d">20</subfield>
  </datafield>
  <datafield tag="225" ind1="1" ind2=" ">
    <subfield code="a">&#x411;&#x438;&#x431;&#x43B;&#x438;&#x43E;&#x442;&#x435;&#x43A;&#x430; &#x441;&#x431;&#x43E;&#x440;&#x43D;&#x438;&#x43A;&#x430; "&#x41C;&#x430;&#x442;&#x435;&#x43C;&#x430;&#x442;&#x438;&#x43A;&#x430;"</subfield>
  </datafield>
  <datafield tag="300" ind1=" " ind2=" ">
    <subfield code="a">&#x414;&#x43E;&#x43F;. &#x442;&#x438;&#x442;. &#x43B;.: Estimates near the boundary for solutions of elliptic partial differential equations satisfying general boundary conditions. I.S. Agmon, A. Douglis, L. Nirenberg. New York, Interscience publ. (Communications on pure and applied mathematics, vol. 12)</subfield>
  </datafield>
  <datafield tag="300" ind1=" " ind2=" ">
    <subfield code="a">&#x41F;&#x435;&#x440;&#x435;&#x434; &#x437;&#x430;&#x433;&#x43B;. &#x430;&#x432;&#x442;.: &#x421;. &#x410;&#x433;&#x43C;&#x43E;&#x43D;, &#x410;. &#x414;&#x443;&#x433;&#x43B;&#x438;&#x441; &#x438; &#x41B;. &#x41D;&#x438;&#x440;&#x435;&#x43D;&#x431;&#x435;&#x440;&#x433;</subfield>
  </datafield>
  <datafield tag="300" ind1=" " ind2=" ">
    <subfield code="a">&#x41D;&#x430; &#x43E;&#x431;&#x43B;. &#x437;&#x430;&#x433;&#x43B;.: &#x41E;&#x446;&#x435;&#x43D;&#x43A;&#x438; &#x440;&#x435;&#x448;&#x435;&#x43D;&#x438;&#x439; &#x44D;&#x43B;&#x43B;&#x438;&#x43F;&#x442;&#x438;&#x447;&#x435;&#x441;&#x43A;&#x438;&#x445; &#x443;&#x440;&#x430;&#x432;&#x43D;&#x435;&#x43D;&#x438;&#x439; &#x432;&#x431;&#x43B;&#x438;&#x437;&#x438; &#x433;&#x440;&#x430;&#x43D;&#x438;&#x446;&#x44B;</subfield>
  </datafield>
  <datafield tag="320" ind1=" " ind2=" ">
    <subfield code="a">&#x411;&#x438;&#x431;&#x43B;&#x438;&#x43E;&#x433;&#x440;.: &#x441;. 195-203</subfield>
  </datafield>
  <datafield tag="512" ind1="0" ind2=" ">
    <subfield code="a">&#x41E;&#x446;&#x435;&#x43D;&#x43A;&#x438; &#x440;&#x435;&#x448;&#x435;&#x43D;&#x438;&#x439; &#x44D;&#x43B;&#x43B;&#x438;&#x43F;&#x442;&#x438;&#x447;&#x435;&#x441;&#x43A;&#x438;&#x445; &#x443;&#x440;&#x430;&#x432;&#x43D;&#x435;&#x43D;&#x438;&#x439; &#x432;&#x431;&#x43B;&#x438;&#x437;&#x438; &#x433;&#x440;&#x430;&#x43D;&#x438;&#x446;&#x44B;</subfield>
  </datafield>
  <datafield tag="513" ind1="0" ind2=" ">
    <subfield code="a">Estimates near the boundary for solutions of elliptic partial differential equations satisfying general boundary conditions</subfield>
  </datafield>
  <datafield tag="606" ind1=" " ind2=" ">
    <subfield code="a">&#x414;&#x438;&#x444;&#x444;&#x435;&#x440;&#x435;&#x43D;&#x446;&#x438;&#x430;&#x43B;&#x44C;&#x43D;&#x44B;&#x435; &#x443;&#x440;&#x430;&#x432;&#x43D;&#x435;&#x43D;&#x438;&#x44F;, &#x44D;&#x43B;&#x43B;&#x438;&#x43F;&#x442;&#x438;&#x447;&#x435;&#x441;&#x43A;&#x438;&#x435;</subfield>
    <subfield code="x">&#x420;&#x435;&#x448;&#x435;&#x43D;&#x438;&#x435;</subfield>
    <subfield code="2">psbo</subfield>
  </datafield>
  <datafield tag="700" ind1=" " ind2="1">
    <subfield code="a">&#x410;&#x433;&#x43C;&#x43E;&#x43D;</subfield>
    <subfield code="b">&#x421;.</subfield>
  </datafield>
  <datafield tag="701" ind1=" " ind2="1">
    <subfield code="a">&#x414;&#x443;&#x433;&#x43B;&#x438;&#x441;</subfield>
    <subfield code="b">&#x410;.</subfield>
  </datafield>
  <datafield tag="701" ind1=" " ind2="1">
    <subfield code="a">&#x41D;&#x438;&#x440;&#x435;&#x43D;&#x431;&#x435;&#x440;&#x433;</subfield>
    <subfield code="b">&#x41B;.</subfield>
  </datafield>
  <datafield tag="702" ind1=" " ind2="1">
    <subfield code="a">&#x412;&#x43E;&#x43B;&#x435;&#x432;&#x438;&#x447;</subfield>
    <subfield code="b">&#x41B;.&#x420;.</subfield>
    <subfield code="4">730</subfield>
  </datafield>
  <datafield tag="702" ind1=" " ind2="1">
    <subfield code="a">&#x412;&#x438;&#x448;&#x438;&#x43A;</subfield>
    <subfield code="b">&#x41C;.&#x418;.</subfield>
    <subfield code="4">340</subfield>
  </datafield>
  <datafield tag="801" ind1=" " ind2="0">
    <subfield code="a">RU</subfield>
    <subfield code="b">NLR</subfield>
    <subfield code="g">psbo</subfield>
  </datafield>
  <datafield tag="801" ind1=" " ind2="1">
    <subfield code="a">RU</subfield>
    <subfield code="b">ELAR</subfield>
    <subfield code="2">rusmarc</subfield>
  </datafield>
  <datafield tag="852" ind1=" " ind2=" ">
    <subfield code="a">NLR</subfield>
    <subfield code="j">62-3/4321</subfield>
  </datafield>
  <datafield tag="942" ind1=" " ind2=" ">
    <subfield code="c">BOOK</subfield>
  </datafield>
  <datafield tag="980" ind1=" " ind2=" ">
    <subfield code="a">NB</subfield>
  </datafield>
  <datafield tag="995" ind1=" " ind2=" ">
    <subfield code="5">2013-10-26</subfield>
    <subfield code="b">NLR01</subfield>
    <subfield code="c">NLR01</subfield>
    <subfield code="e">RF31</subfield>
    <subfield code="f">8458776-10</subfield>
    <subfield code="k">62-3/4321</subfield>
    <subfield code="o">0</subfield>
    <subfield code="r">BOOK</subfield>
    <subfield code="s">6234321_</subfield>
  </datafield>
</record>
